00543nam a2200181 a 4500001000400000003000900004008004100013020001500054040002800069082002000097100003200117245003800149260004400187300001400231490001600245500007800261650002200339913CO-ViMGA141112s2004 ck r 000 u spa d a9580425159 aCO-ViMGAbspacCO-ViMGA04aCo863.44 G172cr1 aGarcía Márquez, Gabriel10aCrónica de una muerte anunciada aSantafé de Bogotá : bNorma, c1996 a104, 78 p aCara y cruz aEncuadernado con A propósito de Gabriel García Márquez y su obra. 14aNOVELA COLOMBIANA